Use of biochemical factors for early selection in Hevea brasiliensis (Record no. 71812)

MARC details
000 -LEADER
fixed length control field 00545nam a2200181Ia 4500
100 ## - MAIN ENTRY--AUTHOR NAME
Personal name Thomas M
245 #0 - TITLE STATEMENT
Title Use of biochemical factors for early selection in Hevea brasiliensis
260 ## - PUBLICATION, DISTRIBUTION, ETC. (IMPRINT)
Name of publisher Placrosym IX, Bangalore, 1990. Journal of Plantation Crops, 20 (Supplement): 306-307
Year of publication 1990
650 ## - SUBJECT ADDED ENTRY--TOPICAL TERM
Topical Term Hevea brasiliensis
700 ## - ADDED ENTRY--PERSONAL NAME
Personal name Annamma Y
700 ## - ADDED ENTRY--PERSONAL NAME
Personal name Nair N U
700 ## - ADDED ENTRY--PERSONAL NAME
Personal name Sethuraj M R
700 ## - ADDED ENTRY--PERSONAL NAME
Personal name Simon S P
700 ## - ADDED ENTRY--PERSONAL NAME
Personal name Sreelatha S
700 ## - ADDED ENTRY--PERSONAL NAME
Personal name Vijayakumar K R
942 ## - ADDED ENTRY ELEMENTS (KOHA)
Koha item type Journals
Holdings
Withdrawn status Lost status Damaged status Not for loan Home library Current library Date acquired Koha item type
      Journals RRII Library RRII Library 17/12/2021 Journals